| 000 | 00628nam a22002057a 4500 | ||
|---|---|---|---|
| 003 | OSt | ||
| 005 | 20260311142243.0 | ||
| 082 |
_a664 _bANJ/VA |
||
| 088 | _aP 662 | ||
| 100 | _aANJANA K | ||
| 100 |
_aAPARNA M P _97938 |
||
| 100 |
_aANEESHA CELIN K S _97939 |
||
| 100 |
_aJUSWIN SAJI _97940 |
||
| 100 |
_aARYA T P _97941 |
||
| 245 | _aVALORISATION OF COCONUT SPROUT | ||
| 260 |
_aTavanur _bDEPARTMENT OF PROCESSING AND FOOD ENGINEERING, KELAPPAJI COLLEGE OF AGRICULTURAL ENGNEERING AND FOOD TECHNOLOGY, _c2025 |
||
| 700 |
_aPRINCE M V _94684 |
||
| 856 | _uhttp://14.139.181.140:8080/jspui/handle/123456789/2205 | ||
| 942 | _cPR | ||
| 999 |
_c19635 _d19635 |
||